Mala som strach herečku Zuzanu Kanócz označil režisér Filip Renč za svoj životný objav

Bibliographic Details
Main Authors: Andrejčáková, Jarmila (Author, Interviewer), Kanócz, Zuzana, 1979- (Author)
Format: Article
Language:Slovak
PhysicalDescription:Fotogr.
ISSN:0139-6323
Subjects:

MARC

LEADER 00000nab a2200000 ar4500
001 vtls009149904
003 SK-MaSNL
005 20260303203112.0
008 071015c2007 xo mr|p|||||||000 b|slo
015 |a SNBRB2007/10 
038 |a SNSK 
040 |a SNSK  |b slo  |c SNSK  |e AACR2 
041 |a slo 
044 |a xo  |c SK 
080 |a 792.071.2  |2 2001 
080 |a 929 Kanócz, Zuzana  |2 2001 
100 1 |a Andrejčáková, Jarmila  |4 ivr  |4 aut  |9 6424 
245 1 0 |a Mala som strach  |b herečku Zuzanu Kanócz označil režisér Filip Renč za svoj životný objav  |c [zhovárala sa] Jarmila Andrejčáková, Zuzana Kanócz 
300 |b Fotogr. 
600 1 7 |a Kanócz, Zuzana,  |d 1979-   |2 snsk 
650 0 7 |a herectvo  |2 snkbucl  |9 3342 
700 1 |a Kanócz, Zuzana,  |d 1979-  |4 ive  |4 aut 
773 0 |t Život  |g Roč. 57, č. 42 (2007), s. 30-33  |x 0139-6323 
852 |a SNSK  |b KIS3GCP 
958 |a BX 
958 |a SK 
999 |c 2183621  |d 2185551